000 00651nam a22002297a 4500
005 20170124110247.0
010 _aA-118257
020 _c5.25
035 _aA-118257
037 _bCen Lib/Ret
040 _aDPL
_bEN
082 _a410.6
_bIND
110 _bIndia. Government of--
_997685
245 _aRepot of the Sanskrit Commission :
_b1956-1957 /
260 _aDelhi
_bGovernment of India Publications
_c1958
270 _bDelhi
300 _aii, 439p.
_c22cm(Hb)
500 _aIncludes appendix
650 _aSanskrit education -- Report
_997686
650 _aManuscripts
_921421
942 _2ddc
_cEN
_h410.6
_mIND
999 _c135568
_d135568